| 000 | 00822nam a2200253Ia 4500 | ||
|---|---|---|---|
| 001 | dia_3985 | ||
| 003 | CHAP | ||
| 005 | 20230125182947.0 | ||
| 007 | ta | ||
| 008 | 220117s1996 mx f 000 0 spa d | ||
| 010 | _a174599 | ||
| 040 |
_cCHAP _amxchpua |
||
| 090 | _aFOLLETO 2527 | ||
| 110 | 1 |
_9186133 _aAsociación Agrícola Local de Productores de Uva de Mesa |
|
| 245 | 1 | 0 |
_aPerfil de la producción de uva de mesa en el estado de Sonora / _cAsociación Agrícola Local de Productores de Uva de Mesa |
| 260 |
_aSonora, México : _bAsociación Agrícola Local de Productores de Uva de Mesa, _c1996 |
||
| 300 | _a28 páginas | ||
| 500 | _aS/c | ||
| 650 | 1 | 3 |
_aUva _9117117 |
| 901 | _aFOLLETO 2527 | ||
| 902 | _aM | ||
| 905 | _a0000001996 mx A 0000000000spa00 | ||
| 942 |
_cFOLL _2local |
||
| 999 |
_c174599 _d174599 |
||